CONTRATAR Y RETENER A LOS MEJORES EMPLEADOS (Registro nro. 53042)
[ vista simple ]
| 000 -LEADER | |
|---|---|
| fixed length control field | 00891nam a2200205 a 4500 |
| 001 - CONTROL NUMBER | |
| control field | 53042 |
| 005 - DATE AND TIME OF LATEST TRANSACTION | |
| control field | 20180714043129.0 |
| 008 - FIXED-LENGTH DATA ELEMENTS--GENERAL INFORMATION | |
| fixed length control field | 140415s2003 sp 000 0 spa d |
| 020 ## - INTERNATIONAL STANDARD BOOK NUMBER | |
| International Standard Book Number | 8423420582 |
| 041 ## - LANGUAGE CODE | |
| Language code of text/sound track or separate title | spa |
| 082 ## - DEWEY DECIMAL CLASSIFICATION NUMBER | |
| Classification number | 658.311 |
| Item number | CON |
| 245 00 - TITLE STATEMENT | |
| Title | CONTRATAR Y RETENER A LOS MEJORES EMPLEADOS |
| 250 ## - EDITION STATEMENT | |
| Edition statement | 1a ed. |
| 260 ## - PUBLICATION, DISTRIBUTION, ETC. | |
| Place of publication, distribution, etc. | ESPAÑA : |
| Name of publisher, distributor, etc. | DEUSTO, |
| Date of publication, distribution, etc. | 2003 |
| 300 ## - PHYSICAL DESCRIPTION | |
| Extent | 654 |
| Dimensions | 15.7 x 0.9 x 23.2 |
| 520 ## - SUMMARY, ETC. | |
| Summary, etc. | ESTE ES UNO DE LOS RETOS MAS IMPORTANTES PARA CUALQUIER ORGANIZACION. REPLETO DE RECOMENDACIONES Y HERRAMIENTAS ESTE LIBRO OFRECE A LOS DIRECTIVOS, INTELIGENTES CONSEJOS PARA CONTRATAR DE FORMA EFECTIVA Y MANTENERLOS DENTRO DE LA ORGANIZACION. |
| 650 14 - SUBJECT ADDED ENTRY--TOPICAL TERM | |
| Topical term or geographic name entry element | DESARROLLO PROFESIONAL |
| General subdivision | MOTIVACION AL EMPLEADO |
| -- | RELACIONES LABORALES |
| -- | SELECCION DE PERSONAL |
| -- | CLIMA ORGANIZACIONAL |
| 700 1# - ADDED ENTRY--PERSONAL NAME | |
| Personal name | TRABAL, BETTY |
| Relator term | tr. |
| 740 ## - ADDED ENTRY--UNCONTROLLED RELATED/ANALYTICAL TITLE | |
| Uncontrolled related/analytical title | HIRING AND KEEPING THE BEST PEOPLE |
| Withdrawn status | Lost status | Source of classification or shelving scheme | Damaged status | Not for loan | Collection code | Home library | Current library | Shelving location | Date acquired | Source of acquisition | Inventory number | Total Checkouts | Full call number | Barcode | Date last seen | Price effective from | Koha item type |
|---|---|---|---|---|---|---|---|---|---|---|---|---|---|---|---|---|---|
| Dewey Decimal Classification | General | Biblioteca Karol Wojtyla | Biblioteca Karol Wojtyla | Sala general | 03/12/2013 | Compra | 151000000000000000021560 | 658.311 CON | 78836 | 05/01/2026 | 03/12/2013 | Libro |